000 00575nam a2200217Ia 4500
003 OSt
005 20220918191412.0
006 a|||||r|||| 00| 0
007 ta
008 220917b |||||||| |||| 00| 0 eng d
024 _a63,162
037 _cTextual
040 _aARTS
_cARTS
_beng
041 _2eng
_aeng
082 _aQ4596:3, K2
100 _aBenoit H
_976041
245 0 _aLet go
_b theory and practice of detachment according to zen tr by Albert W LOw
260 _c1962
942 _hQ4596:3, K2
_cTEXL
_2CC
999 _c189720
_d189720